000 00428nam a2200157Ia 4500
008 100122s9999 xx 000 0 und d
082 _b38852
_a823
100 _aबेडेकर विश्रांम
245 _aरणांगण
250 _a6
260 _bदेशमुख आणि कंपनी
_c1985
300 _a121
630 _aरणांगण
730 _aरणांगण
942 _cBOOK
999 _c420794
_d420791